000 00723nam a2200229 cc4500
001 000030546
003 RuMoIPM
005 20260513114033.0
008 240214b1967 ru ||||| |||| 00| 0 rus d
035 _a(RuMoBEN) 002220998
040 _aRuMoBEN
_brus
_ercr
041 _arus
044 _aru
080 _a510(075.8)
245 _aТ. 3, ч. 1
_cВ. И. Смирнов
250 _a9-е изд., испр.
260 _aМосква
_bНаука
_c1967
300 _a323 с.
504 _aАлф. указ.: с. 321-323
773 _aСмирнов, Владимир Иванович
_tКурс высшей математики: [Учебная литература для вузов]
_w000018741
942 _cBK
999 _c30546
_d30546